000 00505nam a2200121Ia 4500
008 171212s9999 xx 000 0 und d
020 _a9781921536267
245 _ceditor Coleman, Elizabeth Burns;Fernandes-Dias, Maria Suzette
_aNegotiating the Sacred II
_bBlasphemy and Sacrilege in the Arts
260 _bANU E Press
_c2008
650 _aArts and religion; Offenses against religion; Blasphemy; Sacrilege; Religion and sociology
650 _aReligion
856 _uwww.jstor.org/stable/10.2307/j.ctt24hb6q
999 _c351221
_d351221